Responses for Show #7983 - Wednesday, May 1, 2019

James Holzhauer game 20.

Contestants

[<< previous game]

Imar DaCunha, a business systems analyst from Orlando, Florida

Kate Jay Zweifler, a Realtor and stay-at-home mom from Philadelphia, Pennsylvania

James Holzhauer, a professional sports gambler from Las Vegas, Nevada (whose 19-day cash winnings total $1,426,330)

[next game >>]

Jeopardy! Round responses

I COULD LIVE IN THAT FOOD
(Alex: Each correct response will be a food with a domicile in its name.)
VAMPIRE-POURRI
GOING BLANK ON THE TITLE
(Alex: That happens a lot with me.)
3 "I"s
(Alex: ...in each correct response.)
LAW
ORDER
    $200 2
cottage cheese

James
    $200 24
American Horror Story

James
    $200 30
prairie

James
    $200 29
penicillin

Imar
    $200 28
the Fifth

James
    $200 27
silk

James
    $400 22
shack

James
    $400 21
Twilight

James
    $400 17
style

James
    $400 23
definition

Imar
    $400 25
a mistrial

James
    $400 26
rodents

James
    $600 18
Log Cabin syrup

James
    $600 14
Count Chocula

James
    $600 16
midnight

Imar
    $600 20
initiate

Kate
    $600 19
discovery

James
    $600 10
an aardvark

Triple Stumper
    $800 5
Toll House

James
    $800 13
Blade

Imar
    $800 12
temptation

Imar
    $800 15
ratification

Triple Stumper
    $800 8
tort

James
    $800 9
toes

James
    $1000 4
home fries

Imar
    $4,600 11
Nosferatu

James
    $1000 3
[Alex reads the blank as "this kind of".]

Magical

James
    $1000 1
libidinous

Imar
    $1000 7
recognizance

Imar
    $1000 6
cetacean

James

Scores at the first commercial break (after clue 15):

James Kate Imar
$9,800 $0 $4,600

Scores at the end of the Jeopardy! Round:

James Kate Imar
$13,800 $600 $5,800

Double Jeopardy! Round responses

U.S. GEOGRAPHY
21st CENTURY EUROPEAN LEADERS
BEFORE & AFTER
ONE "L" OF A DRUG
GENERAL KNOWLEDGE
BILLBOARD MUSIC AWARDS
(Alex: Which are live on television tonight.)
    $400 27
the Missouri

James
    $400 26
Iceland

James
    $400 25
granola bar mitzvah

James
    $400 28
Lipitor

James
    $400 29
General Foods

Triple Stumper
    $400 30
[NOTE: In the version of this show available on the Pluto streaming service, the performance video was removed, and the clue was modified to begin, "In 2011 he sang his classic hit "Sweet Caroline" after..."]

Neil Diamond

James
    $800 5
Madison County

James
    $800 23
David Cameron

James
    $800 24
My Fair Lady Godiva

James
    $11,381 17
lithium

James
    $800 21
(John J.) "Black Jack" Pershing

James
    $800 10
Prince

Kate
    $1200 3
Queens

James
    $1200 22
Greece

James
    $1200 1
on the half shell shock

James
    $1200 14
Lidocaine

Imar
    $1200 20
Port Charles

Kate
    $1200 7
[NOTE: In the version of this show available on the Pluto streaming service, the performance video was removed, and the clue was modified to begin, "They had the beat at..."]

the Go-Go's

Imar
    $1600 2
Mount Whitney

James
    $10,117 6
(Alex: You have a run of a few correct responses, you find the Daily Double and you're in a position to capitalize as always.)
(James: Vegas Strong, $10,117.)

(Nicolas) Sarkozy

James
    $1600 11
A Wrinkle in Timeshare

James
    $1600 13
Lyrica

Kate
    $1600 12
(Alex: Powerful.)

a 1969 Dodge Charger

Triple Stumper
    $1600 8
MC Hammer

James
    $2000 4
Santa Fe (New Mexico)

James
    $2000 15
(Dmitry) Medvedev

James
    $2000 18
Trevi Fountain pen

James
    $2000 16
lysergic

James
    $2000 19
(Matthew) Ridgway

James
    $2000 9
[NOTE: In the version of this show available on the Pluto streaming service, the performance video was removed.]

Simple Minds

James

Scores at the end of the Double Jeopardy! Round:

James Kate Imar
$60,898 $4,200 $8,200
(lock game)

[wagering suggestions for these scores]

Final Jeopardy! Round responses

THE KING JAMES BIBLE
KateWho is Death
$4,199
ImarWho is Death?
$412
JamesWho is Death?
$40,784
Death

Final scores:

James Kate Imar
$101,682 $8,399 $8,612
20-day champion: $1,528,012 3rd place: $1,000 2nd place: $2,000

Game dynamics:

Coryat scores:

James Kate Imar
$38,200 $4,200 $8,200
42 R
(including 3 DDs),
0 W
4 R,
0 W
10 R,
0 W

Combined Coryat: $50,600

[game clues] [game scores] [suggest correction]

Game tape date: 2019-02-27
The J! Archive is created by fans, for fans. Scraping, republication, monetization, and malicious use prohibited; this site may use cookies and collect identifying information. See terms. The Jeopardy! game show and all elements thereof, including but not limited to copyright and trademark thereto, are the property of Jeopardy Productions, Inc. and are protected under law. This website is not affiliated with, sponsored by, or operated by Jeopardy Productions, Inc. Join the discussion at JBoard.tv.